000 00482nam a22001817a 4500
005 20251108170758.0
008 250721s1990 xx 000 0 ara d
082 1 4 _aط/927.17/حنب
100 1 _aصبري، مختار
245 1 0 _aأبو حنبل /
264 1 _aالقاهرة :
_c1990.
300 _a23ص
490 0 _aسيرة الأئمة و العلماء
650 1 7 _aالمذهب الحنبلي
650 1 7 _aالتراجم
942 _2ddc
_cBK
999 _c48772
_d48772